<The> Economics of Imperfect Competition

Salvato in:
Dettagli Bibliografici
Autore principale: Robinson, Joan
Natura: Libro
Lingua:inglese
Pubblicazione: London MacMillan and Co. Lim. 1933
Edizione:1. ed.
Tags: Aggiungi Tag
Nessun Tag, puoi essere il primo ad aggiungerne!!

MARC

LEADER 00000nam a2200000 4500
001 c039250
005 20221220101639.3
041 0 |a eng 
044 |a GB 
245 1 0 |a <The> Economics of Imperfect Competition  |c Joan Robinson 
250 |a 1. ed. 
264 1 |a London  |b MacMillan and Co. Lim.  |c 1933 
300 |a 352 s. 
100 1 |a Robinson, Joan